| 000 | 00457cam a2200193ua 4500 | ||
|---|---|---|---|
| 020 | _a0-387-18897-5 | ||
| 041 |
_aeng _h |
||
| 082 |
_a621.47 _bWIN/SO |
||
| 100 | _aWinter, C.J . | ||
| 245 |
_aSolar power plants / _cC.J.Winter. _hTextual Documents |
||
| 250 |
_a1 / _b. |
||
| 260 |
_a : _bSpringer Verlag , _c1991. |
||
| 300 | _a420 ; . | ||
| 504 | _a | ||
| 700 | 1 | _aSizmann, . | |
| 700 | 1 | _aVam-Hull, L L . | |
| 942 | _cBK | ||
| 999 |
_c1982 _d1982 |
||